| 000 | 00975nam a22002297a 4500 | ||
|---|---|---|---|
| 008 | 100712s xxu||||| |||| 00| 0 ara d | ||
| 082 |
_222 _a110 _bك ر م |
||
| 100 | 1 |
_916204 _aكرم ، يوسف |
|
| 245 |
_aالطبيعة وما بعد الطبيعة : _bالمادة . الحياة . الله / _cيوسف كرم |
||
| 250 | _aط3. | ||
| 260 |
_aالقاهرة : _bدار المعارف ، _c[د.ت] |
||
| 300 |
_a194 ص : _c24 سم. |
||
| 490 |
_916205 _aمكتبة الدراسات الفلسفية |
||
| 504 | _aيحتوي على إرجاعات ببليوجرافية | ||
| 541 |
_aألف باء ؛ _cشراء ؛ |
||
| 650 |
_916207 _aما رواء الطبيعة _xعلم |
||
| 650 |
_916208 _aالحياة |
||
| 650 |
_916209 _aالفلسفة |
||
| 650 |
_916211 _aالمادة _xفلسفة |
||
| 942 |
_2ddc _cBB |
||
| 999 |
_c14463 _d14463 |
||